Welcome to the Holygrace Academy Library

Please use search bar below to get started

RUMPELSTILTSKIN (Record no. 2309)

MARC details
000 -LEADER
fixed length control field 00392nam a22001577a 4500
082 ## - DEWEY DECIMAL CLASSIFICATION NUMBER
Classification number 823
Item number SHI/R
100 ## - MAIN ENTRY--AUTHOR NAME
Personal name SHILPI
100 ## - MAIN ENTRY--AUTHOR NAME
Personal name DEEPTI
245 ## - TITLE STATEMENT
Title RUMPELSTILTSKIN
Remainder of title CLASSIC FAIRY TALES
246 ## - VARYING FORM OF TITLE
Title proper/short title RUMPELSTILTSKIN
Remainder of title CLASSIC FAIRY TALES
260 ## - PUBLICATION, DISTRIBUTION, ETC. (IMPRINT)
Place of publication DELHI
Name of publisher MY KIDS WORLD PUBLICATIONS
300 ## - PHYSICAL DESCRIPTION
Number of Pages 16
520 ## - SUMMARY, ETC.
Summary, etc CLASSIC FAIRY TALES
650 ## - SUBJECT ADDED ENTRY--TOPICAL TERM
Topical Term CLASSIC FAIRY TALES
942 ## - ADDED ENTRY ELEMENTS (KOHA)
Koha item type Books
Holdings
Withdrawn status Lost status Collection code Home library Current library Shelving location Date acquired Source of acquisition Cost, normal purchase price Full call number Accession Number Koha item type
    Fiction Main Library Main Library SHELF 4-D MYTHOLOGY 16/12/2019 Purchase 50.00 823 SHI/R 12343 Books